Name All The Figured-Out Numberblocks So Far - Statistics

General Stats
  • This quiz has been taken 203 times
  • The average score is 48 of 57
Answer Stats
Episode Figured Out In Number % Correct
One 1
99%
Another One 2
99%
Three 3
97%
Four 4
97%
Six 6
93%
Five 5
92%
Seven 7
92%
Figure It Out 31
91%
Ten 10
90%
Twenty 20
90%
Eight 8
90%
Nine 9
90%
Sixteen 16
89%
Twenty-One and On 21
89%
Eleven 11
88%
Twelve 12
88%
Thirteen 13 (Oh, Unlucky!)
88%
Fourteen 14
88%
Fifteen 15
88%
Seventeen 17
88%
Eighteen 18
88%
Nineteen 19
88%
Twenty-One and On 22
88%
Figure It Out 32
88%
How Rectangly! 23
87%
How Rectangly! 24
87%
We’re Going on a Square Hunt 25
87%
Hidden Talents 26
87%
Making Patterns 27
87%
Making Patterns 28
87%
Club Picnic 29
87%
Thirty’s Big Top 30
87%
Thirty’s Big Top 50
86%
The Big One 100
85%
Steps Versus Squares 36
85%
Sky High Fives 35
84%
Thirty’s Big Top 40
83%
Sixty’s High Score 60
83%
Sixty’s High Score 70
83%
One Thousand and One 1000
82%
Sky High Fives 45
82%
Square on the Moon 49
82%
One Giant Step Squad 55
82%
Sixty’s High Score 90
82%
More to Explore 42 (Semi-Official)
81%
Square on the Moon 64 (Ugly)
81%
Sixty’s High Score 80
81%
One Thousand and One 10 000
79%
One Thousand and One 100 000
77%
One Thousand and One 1 000 000
77%
Square on the Moon 81
76%
What If? 10 000 000
72%
One Thousand and One 200
72%
What If? 100 000 000
71%
What If? 1 000 000 000
71%
One Thousand and One 300
71%
Happy Pi Day 2017 3.14159265358979323486…
54%
No matching quizzes found
Score Distribution
Percent of People with Each Score
Percentile by Number Answered
Your Score History
You have not taken this quiz